"Illegal" traveller : an auto-ethnography of borders

Αποθηκεύτηκε σε:
Λεπτομέρειες βιβλιογραφικής εγγραφής
Κύριος συγγραφέας: Khosravi, Shahram
Μορφή: Βιβλίο
Γλώσσα:English
Δημοσίευση: New York : Palgrave-Macmillan, 2010
Σειρά:Global ethics series
Θέματα:
Ετικέτες: Προσθήκη ετικέτας
Δεν υπάρχουν, Καταχωρήστε ετικέτα πρώτοι!

MARC

LEADER 00000nam a2200000 i 4500
001 1/50677
008 140703s2010 eng d
020 |a 978-0-230-23079-8 
035 |l 10118201 
040 |a GR-MY-UA  |b gre  |e aacr 
041 0 |a eng 
082 0 |a 304.8  |2 (23) 
100 1 |a Khosravi, Shahram. 
245 1 0 |a "Illegal" traveller :  |b an auto-ethnography of borders /  |c Shahram Khosravi 
260 |a New York :   |b Palgrave-Macmillan,   |c 2010 
300 |a x, 150 σ.;  |c 21 εκ. 
490 1 |a Global ethics series 
504 |a Περιλαμβάνει βιβλιγοραφία 
650 0 0 |a Emigration and immigration  |x Social aspects. 
650 0 0 |a Boundaries  |x Social aspects. 
830 0 |a Global ethics series 
852 |a INST  |b LESVOS  |e 20140806  |h 304.8 KHO  |p 005100054411  |q 005100054411  |t BK  |y 0 
852 |a INST  |b LESVOS  |e 20140703  |h 304.8 KHO  |p 005100054579  |q 005100054579  |t BK  |y 0 
901 |a BIBL1-2014-1 
901 |a BIBL1-2014-2 
909 |a Λ  |b 189995 
909 |a Λ  |b 189913 
920 |a KHOSRAVI  |b SHAHRAM  |y ΛΕΣΒΟΣ  |z 2014-06 
922 |a 1ΕΛΗ  |b 201406  |c ΤΚΑΙ  |d ΔΙΑΔΡΟΜΕΣ 
970 |a ΤΖΑΦΕΡΗ  |b ΕΥΑΓΓΕΛΙΑ  |z 2014/07/03